[Event "Hampshire-chB"]
[Site "Fareham"]
[Date "2022.11.06"]
[Round "6"]
[White "McClatchey, Rob"]
[Black "Wicken, Jack"]
[Result "1/2-1/2"]
[WhiteElo "1838"]
[BlackElo "1684"]
[PlyCount "35"]
[EventDate "2022.11.04"]
[EventType "swiss"]
[EventRounds "6"]
[EventCountry "ENG"]
[SourceTitle "EXT 2024"]
[Source "ChessBase"]
[SourceDate "2023.10.10"]
[SourceVersion "1"]
[SourceVersionDate "2023.10.10"]
[SourceQuality "1"]

1. e4 e5 2. d4 exd4 3. Bc4 Nc6 4. Nf3 h6 5. Nxd4 Nf6 6. Nxc6 bxc6 7. e5 d5 8. exf6 dxc4 9. Qxd8+ Kxd8 10. fxg7 Bxg7 11. 0-0 Bf5 12. Na3 Rb8 13. Nxc4 Bxc2 14. Ne3 Bg6 15. Rd1+ Kc8 16. Rd2 Rd8 17. Rxd8+ Kxd8 18. Nc4 1/2-1/2